|
|
|
|
| LEADER |
00000cam a2200000 7i4500 |
| 001 |
0000003690 |
| 005 |
20080529.0 |
| 020 |
0 |
0 |
|a 8130900688
|
| 090 |
0 |
0 |
|a 580
|b MCK
|
| 100 |
1 |
0 |
|a McKenna, Dennis J.
|
| 245 |
1 |
0 |
|a Botanical medicines :
|b The desk reference for major herbal supplements
|c Dennis J. McKenna, Kenneth Jones and Kerry Hughes
|
| 250 |
0 |
0 |
|a Second Edition
|
| 260 |
0 |
0 |
|a New Delhi, India :
|b Viva Books Private Limited ,
|c 2005
|
| 300 |
|
|
|a xx, 1138p. :
|b ill. ;
|c 25cm.
|
| 650 |
0 |
0 |
|a Botany
|
| 650 |
0 |
0 |
|a Medicines
|
| 700 |
1 |
2 |
|a Hughes, Kerry
|
| 700 |
1 |
2 |
|a Jones, Kenneth
|
| 999 |
|
|
|a 0000007242
|b Monograph
|c Open Shelf
|e Default branch
|